| 000 | 00311cam a22001097a 4500 | ||
|---|---|---|---|
| 008 | 180718b-- xxu||||| |||| 00| 0 eng d | ||
| 082 | _aB71103x5464 A | ||
| 100 | _aTripura. Legislative Assembly | ||
| 245 | _aThe Tripura panchayats act | ||
| 260 |
_aAgartala _bThe author _c-- |
||
| 500 | _aLibrary has 1993-1994, 1998 | ||
| 999 |
_c485964 _d485964 |
||